000 00369cam a2200157ua 4500
003 OSt
008 240325b |||||||| |||| 00| 0 eng d
041 _amal
082 _a894.812 1
_bKAV/KA
100 _aKavitha, Samithi .
_96182
245 _aKavitha 1136 /
250 _a1 /
260 _aTrivandrum :
_bKavitha Samithi ,
_c1962.
300 _a169 ; .
942 _cBK
999 _c584
_d584